000
00345nam a2200157Ia 4500
003
OSt
005
20240306161307.0
008
170523s9999 xx 000 0 und d
020
_a
nil
040
_c
iimtu meerut
100
_a
CATEORA- GRAHAM
245
0
_a
INTERNATIONAL BUSINESS
260
_b
MC GRAW HILL
260
_c
2002
942
_2
ddc
_c
02
999
_c
1060
_d
1060